Statistics for Tate McRae- exes

Click here to take the quiz!

General Stats

  • This quiz has been taken 43 times
  • The average score is 36 of 46

Answer Stats

Answer% Correct
Kisses to my {exes} who don't give a sh!t about me
100%
(Kiss-kiss-kiss) Kisses to my {exes} who don't give a sh!t about me
100%
(Kiss-kiss-kiss) Kisses to my {exes} who don't give a sh!t about me
100%
Oh, I'm sorry, sorry that you {love} me (Ha-ha-ha-ha-ha-ha)
100%
Oh, I'm sorry, sorry that you {love} me (Ha-ha-ha-ha-ha-ha
100%
Oh, I'm sorry, sorry that you {love} me (Ha-ha-ha-ha-ha-ha)
100%
Oh, I'm sorry, sorry that you {love} me (Ha-ha-ha-ha-ha-ha)
100%
Oh, I'm sorry, sorry that you {love} me (Ha-ha-ha-ha-ha-ha)
100%
Oh, I'm sorry, sorry that you {love} me (Oh-oh-oh)
100%
Changed my {mind} up like it's ori-
97%
Changed my {mind} up like it's origami
97%
Changed my {mind} up like it's origami
97%
Changed my {mind} up like it's origami
97%
Changed my {mind} up like it's origami
97%
Changed my {mind} up like it's origami (Ha-ha)
97%
Kisses, kisses to the next ones who think they can {live} without me
94%
Kisses, kisses to the next ones who think they can {live} without me
94%
Kisses, kisses to the next ones who think they can {live} without me (Nah, nah)
94%
Happens {every} time
86%
But I still got your number and your {necklace}, kisses to my exes
83%
But I still keep their number and their {necklace}, kisses to my exes
83%
But I still keep their number and their {necklace}, kisses to my exes
83%
But I still keep their number and their {necklace}, kisses to my exes
83%
I'm a, I'm a, I,m a wild ride that never {stops}
78%
I'm a, I'm a, I'm a wild ride that never {stops}
78%
Me and {all} my pride
78%
We make up, then we break up, then they swear they'll never {call} me
78%
We make up, then we break up, then they swear they'll never {call} me
78%
We make up, then we break up, then they swear they'll never {call} me (Yeah)
78%
I'm a, I'm a, I'm a hard {case} they can't unlock
75%
I'm a, I'm a, I'm a hard {case} they can't unlock
75%
Say, say I wanna go there, then I wanna {leave}
67%
Tryna {burn} down every d@mn bridge any time we can, and again
67%
And I, and I swear I {care} a lot, just not enough
64%
And I swear I {care} a lot, just not enough
64%
Make another {promise} that I can't keep
64%
Kisses to my exes, I know that I did you {dirty}
61%
I don't mean, mean to be {cold}, but that's just how I get, oh
58%
I don't ever know what I want, but that's what {you} want
56%
Breakin' it all before it starts, makin' it all up in my {head}
53%
If you're down,well, then don't {blame} me
53%
Little messed up, little selfish, we ain't {married}, I ain't thirty
53%
Yeah, we hooked up, then we broke up, then I said you really {hurt} me
47%
But I just {overshare} 'bout things I never meant
39%
Let's just say it {is} what it {is} and was what it was
22%
Let's just say it {is} what it {is} and was what it was (Was)
22%

Score Distribution

Percentile by Number Answered

Percent of People with Each Score

Your Score History

You have not taken this quiz